Materials science of thin films (Record no. 352)

000 -LEADER
fixed length control field 00566nam a22002174a 4500
001 - CONTROL NUMBER
control field 352
003 - CONTROL NUMBER IDENTIFIER
control field BD-DhUET
008 - FIXED-LENGTH DATA ELEMENTS--GENERAL INFORMATION
fixed length control field 010328s2002 caua b 001 0 eng
020 ## - INTERNATIONAL STANDARD BOOK NUMBER
International Standard Book Number 9780125249850
020 ## - INTERNATIONAL STANDARD BOOK NUMBER
International Standard Book Number 9789381269534
040 ## - CATALOGING SOURCE
Original cataloging agency DLC
Transcribing agency 0
Modifying agency BD-DhUET
082 00 - DEWEY DECIMAL CLASSIFICATION NUMBER
Classification number 623.8152
Item number OHR/2002
100 ## - MAIN ENTRY--PERSONAL NAME
Personal name Ohring, Milton
245 10 - TITLE STATEMENT
Title Materials science of thin films
Remainder of title deposition and structure
250 ## - EDITION STATEMENT
Edition statement 2nd ed.
260 ## - PUBLICATION, DISTRIBUTION, ETC. (IMPRINT)
Place of publication, distribution, etc. New Delhi
Name of publisher, distributor, etc. Academic Press
Date of publication, distribution, etc. 2002
300 ## - PHYSICAL DESCRIPTION
Extent xxi, 794 p.
Other physical details
504 ## - BIBLIOGRAPHY, ETC. NOTE
Bibliography, etc Includes bibliographies
650 #0 - SUBJECT ADDED ENTRY--TOPICAL TERM
Topical term or geographic name as entry element Thin films
942 ## - ADDED ENTRY ELEMENTS (KOHA)
Koha item type General Book
Holdings
Koha normalized classification for sorting Sublocation or collection (holding branch) Piece designation (barcode) Koha date last seen Damaged status Koha out on loan Not for loan Shelving location Koha issues (times borrowed) Koha item type Withdrawn status Location (home branch) Source of classification or shelving scheme Date acquired Price effective from Lost status Koha full call number Koha date last borrowed Copy number
623_000000000000000_8152OHR200Central Library, BUET1116042014-07-20   Circulation section General Book Central Library, BUET 2014-07-202014-07-20 623.8152/OHR/2002 1
623_815200000000000_OHR_2002Central Library, BUET1147342024-06-12   Circulation section1General Book Central Library, BUET 2016-06-182016-10-02 623.8152/OHR/20022023-11-082
623_815200000000000_OHR_2002Central Library, BUET1147352024-01-13 2025-01-12 Circulation section1General Book Central Library, BUET 2016-06-182016-10-02 623.8152/OHR/20022024-01-133
623_815200000000000_OHR_2002Central Library, BUET1166522018-09-22   Reading section General Book Central Library, BUET 2018-06-272018-09-22 623.8152/OHR/2002 4